| 000 | 00989nam a2200265 a 4500 | ||
|---|---|---|---|
| 001 | ebr10417609 | ||
| 003 | CaPaEBR | ||
| 006 | m u | ||
| 007 | cr cn||||||||| | ||
| 008 | 101217s2010 ii a s 001 0 eng d | ||
| 020 | _z9789380179346 | ||
| 040 |
_aCaPaEBR _cCaPaEBR |
||
| 035 | _a(OCoLC)650276728 | ||
| 050 | 1 | 4 |
_aSB950 _b.D44 2010eb |
| 100 | 1 | _aDeep, Drick. | |
| 245 | 1 | 0 |
_aCrop protection and environment _h[electronic resource] / _cDrick Deep. |
| 260 |
_aJaipur, India : _bOxford Book Co., _c2010. |
||
| 300 |
_a304 p. : _bill. |
||
| 500 | _aIncludes index. | ||
| 533 |
_aElectronic reproduction. _bPalo Alto, Calif. : _cebrary, _d2011. _nAvailable via World Wide Web. _nAccess may be limited to ebrary affiliated libraries. |
||
| 650 | 0 | _aPlants, Protection of. | |
| 655 | 7 |
_aElectronic books. _2local |
|
| 710 | 2 | _aebrary, Inc. | |
| 856 | 4 | 0 |
_uhttp://site.ebrary.com/lib/rucke/Doc?id=10417609 _zAn electronic book accessible through the World Wide Web; click to view |
| 999 |
_c187304 _d187304 |
||